Más y mejor trabajo para todos (Registro nro. 3899)

Detalles MARC
000 -LEADER
fixed length control field 00936 a2200229 4500
001 - CONTROL NUMBER
control field 45048
005 - DATE AND TIME OF LATEST TRANSACTION
control field 20260407155725.0
008 - FIXED-LENGTH DATA ELEMENTS--GENERAL INFORMATION
fixed length control field 260407a2011 arg spa d
003 - CONTROL NUMBER IDENTIFIER
control field AR-UNSa-BCEJYS
040 ## - CATALOGING SOURCE
Original cataloging agency AR-UNSa-BCEJYS
Language of cataloging spa
Transcribing agency AR-UNSa-BCEJYS
080 ## - UNIVERSAL DECIMAL CLASSIFICATION NUMBER
Universal Decimal Classification number 331.5
Common auxiliary subdivision Mercado de Trabajo. Empleo
020 ## - INTERNATIONAL STANDARD BOOK NUMBER
International Standard Book Number 978-92-2-325306-6
041 ## - LANGUAGE CODE
Language code of text/sound track or separate title spa
100 1# - MAIN ENTRY--PERSONAL NAME
Personal name Madoery, Oscar
245 10 - TITLE STATEMENT
Title Más y mejor trabajo para todos
Name of part/section of a work Del programa jefes de hogar al programa jóvenes. Políticas activas de empleo, Argentina 2003-2010. Sistematización y análisis integrado
264 #1 - PRODUCTION, PUBLICATION, DISTRIBUTION, MANUFACTURE, AND COPYRIGHT NOTICE
Place of production, publication, distribution, manufacture Buenos Aires :
Name of producer, publisher, distributor, manufacturer OIT
Date of production, publication, distribution, manufacture, or copyright notice 2011
300 ## - PHYSICAL DESCRIPTION
Extent 97 p.
Dimensions 28 cm.
505 ## - FORMATTED CONTENTS NOTE
Formatted contents note 1.Los contextos – 2. Las políticas de empleo – 3. Análisis de la experiencia – 4. Los desafíos abiertos.
590 ## - LOCAL NOTE (RLIN)
Local note niveau_biblio:m niveau_hierar:0
856 41 - ELECTRONIC LOCATION AND ACCESS
Uniform Resource Identifier <a href="https://www.biblioeco.unsa.edu.ar/pmb/images/libros/L127070.jpg">https://www.biblioeco.unsa.edu.ar/pmb/images/libros/L127070.jpg</a>
Link text Imagen de portada
Electronic format type image/jpeg
942 ## - ADDED ENTRY ELEMENTS (KOHA)
Koha item type
Existencias
Withdrawn status Lost status Damaged status Not for loan Home library Current library Shelving location Date acquired Total checkouts Full call number Barcode Date last seen Price effective from Koha item type
        Biblioteca Prof. Eusebio Cleto del Rey Biblioteca Prof. Eusebio Cleto del Rey   07/04/2026   331.5 M183 L127070 07/04/2026 07/04/2026 Libro